Shigley's mechanical engineering design / (Record no. 99407)
[ view plain ]
| 000 -LEADER | |
|---|---|
| fixed length control field | 00862nam a22002537a 4500 |
| 005 - DATE AND TIME OF LATEST TRANSACTION | |
| control field | 20160405112642.0 |
| 010 ## - LCCN (DPL NO) | |
| LC control number | ENG-115054 |
| 020 ## - INTERNATIONAL STANDARD BOOK NUMBER | |
| International Standard Book Number | 9789339221638 |
| Terms of availability | 799.00 |
| 020 ## - INTERNATIONAL STANDARD BOOK NUMBER | |
| International Standard Book Number | 933922163x |
| Terms of availability | 799.00 |
| 035 ## - SYSTEM CONTROL NUMBER | |
| System control number | EN-98586 |
| 037 ## - SOURCE OF ACQUISITION | |
| Source of stock number/acquisition | DBAD/PUB |
| 082 ## - DEWEY DECIMAL CLASSIFICATION NUMBER | |
| Classification number | 621.815 |
| 100 ## - MAIN ENTRY--PERSONAL NAME | |
| Personal name | Budynas, Richard G. |
| 245 ## - TITLE STATEMENT | |
| Title | Shigley's mechanical engineering design / |
| Statement of responsibility, etc | by Richard G. Budnyas [and] J. Keith Nisbett; adapted by Kiatfa Tangchaichit |
| 250 ## - EDITION STATEMENT | |
| Edition statement | 10th ed |
| 260 ## - PUBLICATION, DISTRIBUTION, ETC. (IMPRINT) | |
| Place of publication, distribution, etc | New Delhi |
| Name of publisher, distributor, etc | McGraw Hill Education |
| Date of publication, distribution, etc | 2016 |
| 270 ## - ADDRESS | |
| Address | P-24, Green Park Extension |
| City | New Delhi |
| Postal code | 110016 |
| 300 ## - PHYSICAL DESCRIPTION | |
| Extent | xxi,1082p. : |
| Dimensions | 26cm(pbk) |
| Other physical details | ill. |
| 500 ## - GENERAL NOTE | |
| General note | Includes index |
| 650 ## - SUBJECT ADDED ENTRY--TOPICAL TERM | |
| Topical term or geographic name as entry element | Machine design. |
| 700 ## - ADDED ENTRY--PERSONAL NAME | |
| Personal name | Nisbett, J. Keith |
| 700 ## - ADDED ENTRY--PERSONAL NAME | |
| Personal name | Shigley, Joseph Edward. |
| 942 ## - ADDED ENTRY ELEMENTS (KOHA) | |
| Source of classification or shelving scheme | Dewey Decimal Classification |
| Item type | English Books |
| Call number suffix | BUD |
| Classification part | 621.815 |
| Withdrawn status | Lost status | Not for loan | Collection code | Home library | Current library | Date acquired | Source of acquisition | Cost, normal purchase price | Full call number | Barcode | Copy number | Cost, replacement price | Koha item type |
|---|---|---|---|---|---|---|---|---|---|---|---|---|---|
| Non-fiction | Ashok Vihar | Ashok Vihar | 29/02/2016 | DBAD/PUB | 799.00 | 621.815 BUD | EN-98586 | 1 | 799.00 | English Books |
